00454nam a2200169Ia 4500003000400000008004100004040001600045082001300061100001600074245005100090700001700141260004000158300000800198650001600206650003600222650002600258GCL140319s9999 xx 000 0 eng d aGCL / cGCL04a090bL S1 aLAKS, ANDRE10aSTUDIES ON THE DERVENI PAPYRUS / cLAKS, ANDRE1 aMAST, GLENNW a[S.N] : bCLARENDON PRESS ، c1997 a20304aMANUSCRIPTS04aMANUSCRIPTS - GREEK ( PAPYRUS )04aMANUSCRIPTS - HISTORY